000 00753nam a2200229Ia 4500
008 160418s9999 xx 000 0 und d
020 _a971-19-0208-7
050 _aFIL PQ 1262
050 _b.P85 1996
245 _aAng Pulang unano :
245 _bat iba pang mga kuwentong pranses /
245 _cMariette Condroyer… [et al]; lupon ng tagapagsalin, Randy M. Bustamante… [et al]; pinili ang mga kuwento ni Jean-Marie Laclavetine.
260 _aManila :
260 _bCacho Pub. House
260 _c1996
300 _a134 pages :
300 _billustrations ;
300 _c22 cm.
440 _aSalin translation series
650 _aFrench fiction -- Collected works -- Translations into Tagalog.
650 _xFrench literature.
999 _c293545
_d293545